Languages Of Brazil - Statistics

General Stats
  • This quiz has been taken 248 times
  • The average score is 9 of 26
Answer Stats
Status Language % Correct
Official Portuguese
100%
Regional Spanish
96%
Regional English
88%
Regional German
83%
Regional Italian
82%
Regional Japanese
76%
Regional Chinese
66%
Indigenous Guaraní
66%
Regional Polish
49%
Regional Korean
48%
Indigenous Tupi
43%
Regional Ukrainian
30%
Significant Hunsrik
9%
Indigenous Kaingang
9%
Indigenous Nheengatu
8%
Indigenous Carib
7%
Indigenous Pirahã
7%
Indigenous Terena
6%
Indigenous Tucano
6%
Indigenous Apalaí
4%
Indigenous Bororo
4%
Indigenous Arára
3%
Indigenous Canela
3%
Indigenous Karajá
3%
Indigenous Nadëb
3%
Indigenous Ye'kuana
3%
No matching quizzes found
Score Distribution
Percent of People with Each Score
Percentile by Number Answered
Your Score History
You have not taken this quiz